History Quiz

Random History or Clickable Quiz
Score 0/12 Timer 02:00
1 Play Today
% Correct
The Time-Turner
93.1%
Electromagnetic Shrink Ray
93.1%
Floo Powder
89.6%
The One Ring
88.6%
Flux Capacitor
87.3%
Transportation Beam
87%
Translation Collar
86.4%
Telepods
84.9%
Spray-on Wrapping Paper
83.3%
Neuralizer
81%
Bernard's Watch
78.2%
iSmoothie Maker
73.1%

You're not logged in!

Compare scores with friends on all Sporcle quizzes.
OR
Log In

Sporcle TV

Today on Sporcle TV


Watch our educational content, quiz creation guides, and fun videos on Sporcle TV.

Show Comments

Extras

Top Quizzes Today


Score Distribution

Paid Content

Your Account Isn't Verified!

In order to create a playlist on Sporcle, you need to verify the email address you used during registration. Go to your Sporcle Settings to finish the process.

Report this User

Report this user for behavior that violates our Community Guidelines.

Details: